• 首页
  • 本馆介绍
  • 公告通知
  • 最新文献
  • 馆藏检索
  • 电子资源
  • 读者导购
  • 参考咨询
  • 我的图书馆
  • 登录
  • 详细信息显示
  • 放入我的书架
  • 预约/预借图书
  • 作者相关作品
  • 分类相关作品
  • 丛书相关作品
  • 出版社相关作品

书目信息

  • 表格格式
  • 工作单格式
  • 卡片格式
题名:
建筑安装工程统一劳动定额
    
 
作者: ;国家建筑工程总局 颁布
分册: 第16册   机械打桩工程
出版信息: 北京   中国建筑工业出版社  1979
页数: 113-150页
开本: 19cm
丛书名:
单 册:
中图分类: T-652.2
科图分类:
主题词: 建筑安装工程-建筑劳动定额--中国 , 建筑劳动定额-建筑安装工程--中国 , 打桩工程-建筑劳动定额--中国 , 工业技术--规程 , 工业技术--标准
电子资源:
ISBN:
000 00987nam0 2200289 45
001 0179007902
005 20060523154657.62
010    @dCNY0.15
091    @aCN@b15040.3652
100    @a19950716d1979 em y0chiy0121 ea
101 0  @achi
102    @aCN@b110000
105    @ay z 000yy
200 10 @a建筑安装工程统一劳动定额@Ajian zhu an zhuang gong cheng tong yi lao dongding e@h第16册@i机械打桩工程@f国家建筑工程总局颁布@Fguo jia jian zhu gong cheng zong ju ban bu
210    @a北京@c中国建筑工业出版社@d1979
215    @a113-150页@d19cm
300    @a内部发行
517 1  @a机械打桩工程@Aji xie da zhuang gong cheng
606    @a建筑安装工程-建筑劳动定额@y中国
606    @a建筑劳动定额-建筑安装工程@y中国
606    @a打桩工程-建筑劳动定额@y中国
606 0  @a工业技术@x规程
606 0  @a工业技术@x标准
690    @aT-652.2@v3
711  0 @a国家建筑工程总局@Aguo jia jian zhu gong cheng zong ju@4颁布
801  0 @aCN@bTSSF@c20060523
905    @a10447@dT-652.2@e12:16
    
    建筑安装工程统一劳动定额.第16册.机械打桩工程/国家建筑工程总局颁布.-北京:中国建筑工业出版社,1979
    113-150页;19cm
    内部发行
    
    ISBN :CNY0.15
    
●
相关链接 在E读中查询图书 在五车中查询图书 在当当中查询图书 在豆瓣中查询图书


正题名:建筑安装工程统一劳动定额     索取号:T-652.2/12:16         预约/预借

序号 登录号 条形码 馆藏地/架位号 状态 备注
1 0025033   202371094   密集书库/ [索取号:T-652.2/12:16] 在馆    
2 0025034   202371085   密集书库/ [索取号:T-652.2/12:16] 在馆    
唐山师范学院图书馆 欢迎您!
大连网信软件有限公司© 版权所有